Statistics for Biggest Trading Partners - North Korea

Click here to take the quiz!

General Stats

  • This quiz has been taken 930 times
  • The average score is 12 of 26

Answer Stats

exportsimportscountry% Correct
2507 mil2952 milChina
100%
78.3 milRussia
96%
4.75 milUnited States
81%
99.0 mil111 milIndia
79%
29.9 milTaiwan
65%
45.7 milPakistan
64%
73.8 milThailand
64%
15.6 milBrazil
63%
8.17 milGermany
63%
4.72 milMalaysia
62%
10.9 mil53.2 milPhilippines
58%
28.4 milSingapore
58%
14.2 mil45.7 milMexico
57%
25.6 mil6.69 milSaudi Arabia
55%
14.7 mil4.66 milTurkey
49%
33.7 milUkraine
40%
23.9 milChile
37%
21.2 milPeru
34%
5.17 milSwitzerland
26%
43.6 milAngola
14%
16.8 milParaguay
11%
10.6 milMozambique
10%
13.9 milZambia
6%
7.82 milSenegal
4%
11.7 milBenin
3%
35.7 milBurkina Faso
2%

Score Distribution

Percentile by Number Answered

Percent of People with Each Score

Your Score History

You have not taken this quiz